00583nam a22001697a 450000500170000001000130001702000230003003500130005303700140006608200080008010000290008824500820011724600820019926000490028127000630033030000200039320200121145254.0 aB-208914 c250.00a8182231701 aB-208914 bBPPD/Pub. a809 aسورج دیو سنگھ aاردو اور ہندی کے سیاسی ناول /cسورج دیو سنگھ aUrdu Aur Hindi Ke Syasi Novel: Taqabuli Motaleya (Urdu) /bby Suraj Deo Singh aDelhibEducational Publishing Housec2006 ء bDelhia3108, Vakil Street, Kucha Pandit, Lal Kuan e110006 a255p.c23cm(Hb)